000 00878nam a2200241 a 4500
001 000002068
005 20240412074159.0
008 090630s2008 dr ac r 000 p spa d
020 _a9789945130843
040 _aDO-SdBNP
_bspa
_cBNPHU
082 _aRD861.5
_bC352s
100 1 _aCastillo Ahmad, Augusta Eunice
_96660
245 1 0 _aSecretos del faro /
_cCastillo Ahmad, Augusta Eunice ; editor Eduardo Díaz Guerra ; prólogo René Merette.
260 _aSanto Domingo :
_bMediabyte,
_c2008.
300 _a99 p. :
_bil., retr. ;
_c22 cm.
590 _aLa biblioteca posee 3 ejemplares autografiados por la autora.
590 _aInventariado, 2019 / DG
650 0 _aPoesía dominicana
_966
650 0 _aLiteratura dominicana.
_967
700 1 2 _aDíaz Guerra, Eduardo,
_eed.
_96661
700 1 2 _aMerette, René,
_epról.
_96662
910 _aValidado. Control de calidad MMOLINA
999 _c1932
_d1932